Nintendo Character to Franchise - Easy - Statistics

General Stats
  • This quiz has been taken 79 times
  • The average score is 16 of 20
Answer Stats
Hint Answer % Correct
Link The Legend of Zelda
96%
Bowser Super Mario Bros.
95%
Pikachu Pokémon
93%
Charizard Pokémon
93%
Isabelle Animal Crossing
91%
Luigi Super Mario Bros.
91%
Yoshi Super Mario Bros.
91%
Tom Nook Animal Crossing
89%
Ash Ketchum Pokémon
88%
Goomba Super Mario Bros.
86%
Ganondorf The Legend of Zelda
86%
King Dedede Kirby Series
80%
Waddle Dee Kirby Series
80%
Sheik The Legend of Zelda
75%
Meta-Knight Kirby Series
73%
Mr. Resetti Animal Crossing
70%
Professor Oak Pokémon
68%
Whispy Woods Kirby Series
61%
Impa The Legend of Zelda
61%
K.K. Slider Animal Crossing
59%
No matching quizzes found
Score Distribution
Percent of People with Each Score
Percentile by Number Answered
Your Score History
You have not taken this quiz